LEADER 01195nam0-2200361---450- 001 990008175540403321 005 20050829122451.0 010 $a88-06-16253-5 020 $aIT$b2003-4112 035 $a000817554 035 $aFED01000817554 035 $a(Aleph)000817554FED01 035 $a000817554 100 $a20050829d2002----km-y0itay50------ba 101 0 $aita 102 $aIT 105 $aa-------001yy 200 1 $aArcheologia del mito$eemozione e ragione fra primitivi e moderni$fAndrea Carandini$gcon un contributo iconografico di Marco Pacciarelli$ge uno scambio di lettere con Giancarlo G. M. Scoditti 210 $aTorino$cG. Einaudi$dc2002 215 $aXIV, 400 p., 16 p. di tav.$cill. in b. e n.$d22 cm 225 1 $aSaggi$v849 610 0 $aRoma$aFondazione$aMitologia comparata 676 $a291.2$v20$zita 700 1$aCarandini,$bAndrea$035896 702 1$aScoditti,$bGiancarlo M. G. 702 1$aPacciarelli,$bMarco 801 0$aIT$bUNINA$c200508029$gRICA$2UNIMARC 901 $aBK 912 $a990008175540403321 952 $aP2B-390-CARANDINI A.-2002$bBibl. 44935$fFLFBC 959 $aFLFBC 996 $aArcheologia del mito$9736211 997 $aUNINA LEADER 02125oas 2200817 a 450 001 9910333119303321 005 20251208213017.0 011 $a2211-3657 035 $a(DE-599)ZDB2648030-X 035 $a(DE-599)2648030-X 035 $a(OCoLC)779119742 035 $a(CONSER) 2012263062 035 $a(CKB)3230000000019185 035 $a(EXLCZ)993230000000019185 100 $a20120304a20129999 uy 101 0 $aeng 135 $aur||||||||||| 181 $ctxt$2rdacontent 182 $cc$2rdamedia 183 $acr$2rdacarrier 200 00$aJournal of obsessive-compulsive and related disorders 210 $a[Oxford] $cElsevier$dİ2012- 215 $a1 online resource 300 $aRefereed/Peer-reviewed 311 08$a2211-3649 517 1 $aJOCRD 531 10$aJ Obsessive Compuls Relat Disord 606 $aObsessive-compulsive disorder$vPeriodicals 606 $aObsessive-Compulsive Disorder 606 $aNe?vroses obsessionnelles$vPe?riodiques 606 $aNe?vroses obsessionnelles 606 $aObsessive-compulsive disorder$2fast$3(OCoLC)fst01042960 608 $aPeriodical. 608 $aPeriodicals.$2fast 608 $aPeriodicals.$2lcgft 615 0$aObsessive-compulsive disorder 615 12$aObsessive-Compulsive Disorder. 615 6$aNe?vroses obsessionnelles 615 6$aNe?vroses obsessionnelles. 615 7$aObsessive-compulsive disorder. 676 $a616.85227 801 0$bHNK 801 1$bHNK 801 2$bTXA 801 2$bPFM 801 2$bNLM 801 2$bOPELS 801 2$bOCLCQ 801 2$bOPELS 801 2$bOCLCF 801 2$bDLC 801 2$bOCLCQ 801 2$bBWN 801 2$bVT2 801 2$bOCLCO 801 2$bOCLCA 801 2$bEZC 801 2$bFQM 801 2$bTKN 801 2$bS2H 801 2$bQGK 801 2$bOCLCQ 801 2$bAUD 801 2$bUBY 801 2$bOCLCL 801 2$bOCLCQ 801 2$bU3W 906 $aJOURNAL 912 $a9910333119303321 996 $aJournal of obsessive-compulsive and related disorders$91890167 997 $aUNINA